<?xml version="1.0" encoding="UTF-8"?>
<marc:record xmlns:marc="http://www.loc.gov/MARC21/slim">
   <marc:leader>00000nam a2200000 a 4500</marc:leader>
   <marc:datafield ind1=" " ind2=" " tag="653">
      <marc:subfield code="a">Spanisch lernen</marc:subfield>
   </marc:datafield>
   <marc:datafield ind1=" " ind2=" " tag="653">
      <marc:subfield code="a">Sprachkurs Spanisch</marc:subfield>
   </marc:datafield>
   <marc:datafield ind1=" " ind2=" " tag="653">
      <marc:subfield code="a">spanisch für anfänger</marc:subfield>
   </marc:datafield>
   <marc:datafield ind1=" " ind2=" " tag="653">
      <marc:subfield code="a">sprachkurs-spanisch cd</marc:subfield>
   </marc:datafield>
   <marc:datafield ind1=" " ind2=" " tag="653">
      <marc:subfield code="a">Spanisch Wortschatz</marc:subfield>
   </marc:datafield>
   <marc:datafield ind1=" " ind2=" " tag="653">
      <marc:subfield code="a">Sprachkurs</marc:subfield>
   </marc:datafield>
   <marc:datafield ind1=" " ind2=" " tag="653">
      <marc:subfield code="a">Spanisch üben</marc:subfield>
   </marc:datafield>
   <marc:datafield ind1=" " ind2=" " tag="653">
      <marc:subfield code="a">Spanisch</marc:subfield>
   </marc:datafield>
   <marc:datafield ind1=" " ind2=" " tag="653">
      <marc:subfield code="a">Softcover / Schule</marc:subfield>
   </marc:datafield>
   <marc:datafield ind1=" " ind2=" " tag="653">
      <marc:subfield code="a">Lernen/Erwachsenenbildung</marc:subfield>
   </marc:datafield>
   <marc:datafield ind1=" " ind2=" " tag="653">
      <marc:subfield code="a">Volkshochschule/Selbstlernmaterialien Sprache</marc:subfield>
   </marc:datafield>
   <marc:datafield ind1="0" ind2="0" tag="245">
      <marc:subfield code="a">Langenscheidt Fit in 30 Tagen Spanisch</marc:subfield>
   </marc:datafield>
   <marc:datafield ind1="0" ind2="0" tag="245">
      <marc:subfield code="b">Der Sprachkurs in täglichen Lernportionen – mit Buch, 3 CDs und persönlichem Lernplaner</marc:subfield>
   </marc:datafield>
   <marc:datafield ind1=" " ind2="1" tag="264">
      <marc:subfield code="a">Stuttgart</marc:subfield>
      <marc:subfield code="b">Langenscheidt bei PONS</marc:subfield>
      <marc:subfield code="c">2021</marc:subfield>
   </marc:datafield>
   <marc:datafield ind1="1" ind2=" " tag="490">
      <marc:subfield code="a">Langenscheidt Fit in 30 Tagen</marc:subfield>
   </marc:datafield>
   <marc:datafield ind1="1" ind2=" " tag="520">
      <marc:subfield code="a">Angaben aus der Verlagsmeldung

Langenscheidt Fit in 30 Tagen Spanisch : Der Sprachkurs in täglichen Lernportionen – mit Buch, 3 CDs und persönlichem Lernplaner

Spanisch lernen in 30 Tagen

Mit diesem Spanisch Kurs lernen Sie die Basics der spanischen

Sprache und können sich innerhalb kürzester Zeit auf Spanisch

verständigen. Ihr Lerncoach begleitet Sie Schritt für Schritt in 30 Etappen ans Ziel.

Schnell zum Erfolg mit Lernplaner, Übungen und Abschlusstests:

Eine Fortsetzungsgeschichte führt Sie wie ein roter Faden durch den Sprachkurs

Mit abwechslungsreichen Übungen verschiedener Schwierigkeitsgrade den Lernstoff nachhaltig einprägen

Mit Zwischen- und Abschlusstests überprüfen Sie Ihren Lernerfolg

Ihr persönlicher Trainingsplan hilft Ihnen, den Zeitplan individuell zu gestalten

Zum Hören und Üben:

Dialoge mit Szenen aus Alltag, Reise und Beruf in zwei Sprechgeschwindigkeiten

Mit dem Audio-Wortschatztrainer trainieren Sie zu Hause oder unterwegs unterwegs im Auto Wortschatz und Aussprache

Kostenloser MP3-Download des gesamten Audio-Materials

Für das Niveau A1 bis A2

</marc:subfield>
   </marc:datafield>
   <marc:datafield ind1=" " ind2=" " tag="020">
      <marc:subfield code="a">9783125634909</marc:subfield>
      <marc:subfield code="9">9783125634909</marc:subfield>
   </marc:datafield>
   <marc:datafield ind1=" " ind2=" " tag="020">
      <marc:subfield code="a">3125634903</marc:subfield>
      <marc:subfield code="9">3125634903</marc:subfield>
   </marc:datafield>
   <marc:datafield ind1=" " ind2=" " tag="041">
      <marc:subfield code="a">ger</marc:subfield>
   </marc:datafield>
   <marc:datafield ind1=" " ind2=" " tag="300">
      <marc:subfield code="a">344 Seiten</marc:subfield>
   </marc:datafield>
</marc:record>
